| 000 | 00499nam a2200205 4500 | ||
|---|---|---|---|
| 003 | LK-CoMWRAF | ||
| 005 | 20230825203014.0 | ||
| 008 | 230825b1993 |||||||| |||| 00| 0 eng d | ||
| 020 | _a0434290815 | ||
| 040 |
_aLK-CoMWRAF _dLK-CoMWRAF _eLK-CoMWRAF |
||
| 041 | _aeng | ||
| 082 |
_a818.53 _bGIB |
||
| 100 | _aGibran, Kahlil | ||
| 245 | _aThe Prophet | ||
| 260 |
_aLondon : _bHeinemann, _c1993 |
||
| 300 | _a113p | ||
| 650 | _a English literature; | ||
| 650 | _aUnited States | ||
| 942 |
_n0 _cBK |
||
| 999 |
_c3264 _d3264 |
||